00524 2200169 4500001002100000005001500021035002000036245004900056100001800105250001200123300003000135856001900165700002000184260006800204082001600272650006600288INLIS00000000000011220250710124209 a0010-07250001121 aAyo,Kita Naik Rintik Hujan! /cAnjali Vaidya0 aVaidya,Anjali apertama a20hlm. :bilus. ;c22,9cm aTBM AS-SYUHADA0 aSayan Mukherjee aJakarta Timur :bBadan Pengembangan dan Pembinaan Bahasa,c2022 a398.209 598 4acerita anak indonesia-terjemah inggris, Literasi bahan bacaan